Normal view MARC view
  • 1.Aerodynamics.2. Flight 3. Flight control

Entry Topical Term

Number of records used in: 4

001 - CONTROL NUMBER

  • control field: 1578

003 - CONTROL NUMBER IDENTIFIER

  • control field: NUST

005 - DATE AND TIME OF LATEST TRANSACTION

  • control field: 20170530120110.0

008 - FIXED-LENGTH DATA ELEMENTS

  • fixed length control field: 170530|| aca||aabn | a|a d

040 ## - CATALOGING SOURCE

  • Original cataloging agency: NUST
  • Transcribing agency: NUST

150 ## - HEADING--TOPICAL TERM

  • Topical term or geographic name entry element: 1.Aerodynamics.2. Flight 3. Flight control

670 ## - SOURCE DATA FOUND

  • Source citation: Work cat.: (NUST)23680: Phillips, Warren F. 1577, Mechanics of flight /, c2010.
© 2023 Central Library, National University of Sciences and Technology. All Rights Reserved.